000 00695nam a2200229Ia 4500
003 OSt
005 20220925215321.0
006 a|||||r|||| 00| 0
007 ta
008 220923b |||||||| |||| 00| 0 eng d
037 _cGeneral Book
040 _aRTL
_cRTL
_beng
041 _2eng
_aeng
082 _aX:(B28).3.N7, L4.1-L4.2
100 _aMaunder W F Ed.
_9282589
245 0 _aReviews of United Kingdom statistical sources 2V
260 _aLondon
_bHeinmann
_c1974
490 _vV1
_aRoyal Sttatistical Society, Publication
650 _aEconomic Statistics
942 _hX:(B28).3.N7, L4.1-L4.2
_cGB
_2CC
999 _c568493
_d568493